Competitive regions 21/ 2010
Gespeichert in:
| 1. Verfasser: | |
|---|---|
| Körperschaft: | |
| Weitere Verfasser: | , |
| Format: | Buch |
| Sprache: | Englisch |
| Veröffentlicht: |
Bratislava
Devin printing house
2011
|
| Schlagworte: | |
| Tags: |
Keine Tags, Fügen Sie das erste Tag hinzu!
|
MARC
| LEADER | 00000nam a2200000 4500 | ||
|---|---|---|---|
| 001 | 0132539 | ||
| 005 | 20230110102341.1 | ||
| 020 | |a 978-80-89493-04-3 | ||
| 041 | 0 | |a eng | |
| 044 | |a SK | ||
| 245 | 1 | 0 | |a Competitive regions 21/ 2010 |c Jozef Hajko, Peter Klátik, Matej Tunega |
| 264 | 1 | |a Bratislava |b Devin printing house |c 2011 | |
| 300 | |a 431 s. |e 1 príloha - mapa | ||
| 610 | 2 | 0 | |a okresy |
| 610 | 2 | 0 | |a regióny |
| 610 | 2 | 0 | |a podnikanie |
| 610 | 2 | 0 | |a prostredie podnikateľské |
| 610 | 2 | 0 | |a konkurencieschopnosť |
| 610 | 2 | 0 | |a výhody konkurenčné |
| 610 | 2 | 0 | |a bariéry konkurenčné |
| 610 | 2 | 0 | |a porovnanie štatistické |
| 610 | 2 | 0 | |a indexy |
| 610 | 2 | 0 | |a projekty |
| 610 | 2 | 0 | |a analýzy |
| 610 | 2 | 0 | |a modely |
| 610 | 2 | 0 | |a Slovensko |
| 610 | 2 | 0 | |a 2010 |
| 100 | 1 | |a Hajko, Jozef | |
| 700 | 1 | |a Klátik, Peter | |
| 700 | 1 | |a Tunega, Matej | |
| 710 | 2 | |a Podnikateľská aliancia Slovenska | |